Titus Flavius Domitianus. De Princeps a Dominus: un hito en la transformación del Principado.
Gardado en:
| Autor Principal: | |
|---|---|
| Formato: | Unknown |
| Idioma: | inglés |
| Publicado: |
Madrid, España.
Signifer Libros,
2016
|
| Series: | Monografías de Antigüedad Griega y Romana;
48 |
| Subjects: | |
| Tags: |
Engadir etiqueta
Sen Etiquetas, Sexa o primeiro en etiquetar este rexistro!
|
MARC
| LEADER | 00000 a2200000 4500 | ||
|---|---|---|---|
| 003 | CL-VaPUC | ||
| 005 | 20211005161446.0 | ||
| 008 | 210422b ||||| |||| 00| 0 eng d | ||
| 999 | |c 432841 |d 432839 | ||
| 020 | |a 9788494113741 | ||
| 040 | |c Pontificia Universidad Católica de Valparaíso | ||
| 082 | |a 937.06 FER 2016 |2 22 | ||
| 100 | 1 | |a Fernández Uriel, Pilar |9 860662 | |
| 245 | 1 | |a Titus Flavius Domitianus. |b De Princeps a Dominus: un hito en la transformación del Principado. | |
| 260 | |a Madrid, España. |b Signifer Libros, |c 2016 | ||
| 300 | |a 338 páginas | ||
| 490 | |a Monografías de Antigüedad Griega y Romana; |v 48 | ||
| 583 | |k Cristina Rojas |c 20210422 | ||
| 600 | |a Domiciano |q Titus Flavius Domitianus |y 51 d.C.- 96 d.C. |9 862922 | ||
| 651 | |a Roma (Imperio) |x Dinastía Flavia |9 862923 | ||
| 942 | |2 ddc |c BK | ||
| 952 | |0 0 |1 0 |2 ddc |4 0 |6 937_060000000000000_FER_2016 |7 0 |8 A |9 578650 |a BIBHIS |b BIBHIS |d 2021-08-20 |e 36 |g 0.00 |i 5587964 |o 937.06 FER 2016 |p 5587964 |r 2023-01-25 |t 1 |v 0.00 |w 2021-08-20 |y BK |k HIS | ||